| 000 | 00579cam a2200169 4500 | ||
|---|---|---|---|
| 001 | ##L133669 | ||
| 008 | #DATE n1971 000 0 eng u | ||
| 035 | _a(Sirsi) u133669 | ||
| 041 | 0 | _aeng | |
| 050 | 0 | 4 | _a333.0062 $2 18 |
| 110 | 2 |
_aRoyal Institution of Chartered Surveyors _94900 |
|
| 245 | 0 | 0 | _aRoyal charters and bye-laws, 1958; bye-laws amended 1964, 1969, 1970, royal charters amended 1968 & 1969 |
| 260 |
_aLondon _bRICS _c1971 |
||
| 300 |
_a64p. _c22cm. |
||
| 690 | _aABOUT RICS-RICS STRUCTURE AND GOVERNANCE-RICS REGULATIONS-RICS CONDUCT REGULATIONS | ||
| 942 | _n0 | ||
| 999 |
_c105445 _d105445 |
||